[Event "Ceske Budejovice op-A"]
[Site "Ceske Budejovice"]
[Date "2023.07.06"]
[Round "6"]
[White "Fizerova, Lucie"]
[Black "Sandvik, Thomas"]
[Result "0-1"]
[WhiteElo "1868"]
[BlackElo "2114"]
[PlyCount "46"]
[EventDate "2023.07.01"]
[EventType "swiss"]
[EventRounds "9"]
[EventCountry "CZE"]
[SourceTitle "CBM 215 Extra"]
[Source "ChessBase"]
[SourceDate "2023.09.30"]
[SourceVersion "1"]
[SourceVersionDate "2023.09.30"]
[SourceQuality "1"]

1. e4 e6 2. d4 d5 3. exd5 exd5 4. Nf3 Nc6 5. Bb5 Bd6 6. 0-0 Nge7 7. Re1 0-0 8. Bg5 f6 9. Bh4 Nf5 10. c4 dxc4 11. Bxc4+ Kh8 12. Nc3 Ncxd4 13. Ne5 Bxe5 14. Rxe5 Nc6 15. Rd5 Qe7 16. Bg3 Nxg3 17. hxg3 Be6 18. Qh5 Bxd5 19. Bxd5 Qe5 20. Qh3 Rad8 21. Be4 f5 22. Bf3 Rf6 23. Qh4 Re8 0-1

[Event "Ceske Budejovice op-A"]
[Site "Ceske Budejovice"]
[Date "2023.07.05"]
[Round "5"]
[White "Sandvik, Thomas"]
[Black "Vilimek, Vit"]
[Result "0-1"]
[WhiteElo "2114"]
[BlackElo "1990"]
[PlyCount "134"]
[EventDate "2023.07.01"]
[EventType "swiss"]
[EventRounds "9"]
[EventCountry "CZE"]
[SourceTitle "CBM 215 Extra"]
[Source "ChessBase"]
[SourceDate "2023.09.30"]
[SourceVersion "1"]
[SourceVersionDate "2023.09.30"]
[SourceQuality "1"]

1. e4 c5 2. c3 Nf6 3. e5 Nd5 4. d4 cxd4 5. cxd4 d6 6. Nf3 Nc6 7. Bc4 Nb6 8. Bb5 a6 9. Bxc6+ bxc6 10. 0-0 Bf5 11. Nc3 e6 12. Bg5 Be7 13. Bxe7 Qxe7 14. Rc1 0-0 15. Qe2 Nd5 16. exd6 Qxd6 17. Ne4 Qf4 18. Ng3 Bg4 19. Rxc6 Bxf3 20. Qxf3 Qxd4 21. Qe2 Qa4 22. Qc4 Qxc4 23. Rxc4 Rab8 24. b3 a5 25. Rd1 Nb4 26. Rd2 Rfd8 27. Rxd8+ Rxd8 28. a3 Nd5 29. Rc5 Ra8 30. Ne4 g6 31. Rb5 Rc8 32. g3 Nc3 33. Rc5 Rxc5 34. Nxc5 Kf8 35. Kf1 Ke7 36. Ke1 Nb5 37. a4 Nd4 38. h4 Nc6 39. Kd2 Kd6 40. Ne4+ Kd5 41. Ng5 Ne5 42. Nxh7 Ng4 43. f4 Nf2 44. Nf6+ Kd4 45. g4 Nd3 46. h5 gxh5 47. gxh5 Nxf4 48. h6 Ng6 49. h7 e5 50. Nd7 e4 51. Nb8 e3+ 52. Ke1 Kd3 53. Nc6 f5 54. Nxa5 Ne5 55. h8Q Nf3+ 56. Kf1 e2+ 57. Kg2 e1Q 58. Qd8+ Nd4 59. Nc4 Qe2+ 60. Kg3 Qg4+ 61. Kf2 Qf4+ 62. Kg2 Qe4+ 63. Kf2 f4 64. Nb2+ Kc2 65. Qc8+ Kxb2 66. Qg4 Qe3+ 67. Kf1 f3 0-1

[Event "Ceske Budejovice op-A"]
[Site "Ceske Budejovice"]
[Date "2023.07.02"]
[Round "2"]
[White "Dvorak, Jan1"]
[Black "Sandvik, Thomas"]
[Result "0-1"]
[WhiteElo "1593"]
[BlackElo "2114"]
[PlyCount "74"]
[EventDate "2023.07.01"]
[EventType "swiss"]
[EventRounds "9"]
[EventCountry "CZE"]
[SourceTitle "CBM 215 Extra"]
[Source "ChessBase"]
[SourceDate "2023.09.30"]
[SourceVersion "1"]
[SourceVersionDate "2023.09.30"]
[SourceQuality "1"]

1. e4 e6 2. d4 d5 3. exd5 exd5 4. c4 Nf6 5. Nc3 Bb4 6. Nf3 0-0 7. Bd3 dxc4 8. Bxc4 Bg4 9. Be3 Nc6 10. Qd3 Qd6 11. 0-0 Bxf3 12. gxf3 Rad8 13. Rad1 Qd7 14. Ne4 Qh3 15. Ng5 Qh5 16. Qe2 h6 17. Ne4 Nxe4 18. fxe4 Qg6+ 19. Kh1 Qxe4+ 20. f3 Qh4 21. Rg1 Nxd4 22. Rxg7+ Kxg7 23. Bxd4+ f6 24. Rg1+ Kh8 25. Rg4 Qe1+ 26. Qxe1 Bxe1 27. Bc5 Rfe8 28. Bf7 Re5 29. Bd4 Rf5 30. Be6 Rxf3 31. Re4 Bf2 32. Kg2 Rxd4 33. Kxf3 Rd2 34. Rb4 b6 35. a4 Bc5 36. Rf4 Rxb2 37. Rxf6 Rf2+ 0-1

[Event "FIN-chT 2223"]
[Site "Finland"]
[Date "2023.04.01"]
[Round "10.5"]
[White "Linden, Lari"]
[Black "Sandvik, Thomas"]
[Result "1-0"]
[WhiteElo "2114"]
[BlackElo "2092"]
[PlyCount "119"]
[EventDate "2022.09.24"]
[EventType "team-tourn"]
[EventRounds "11"]
[EventCountry "FIN"]
[SourceTitle "EXT 2024"]
[Source "ChessBase"]
[SourceDate "2023.10.10"]
[SourceVersion "1"]
[SourceVersionDate "2023.10.10"]
[SourceQuality "1"]
[WhiteTeam "Turku TuTS"]
[BlackTeam "Raahe Li"]
[WhiteTeamCountry "FIN"]
[BlackTeamCountry "FIN"]

1. e4 e6 2. Qe2 Be7 3. Nf3 d5 4. d3 Nf6 5. g3 0-0 6. Bg2 c5 7. 0-0 Nc6 8. e5 Nd7 9. Re1 b5 10. h4 a5 11. Bf4 a4 12. Nbd2 a3 13. b3 Nd4 14. Nxd4 cxd4 15. Nf3 Bb4 16. Bd2 Qa5 17. Rad1 Bxd2 18. Qxd2 Qc3 19. Qf4 Qxc2 20. Nxd4 Qc7 21. Rc1 Qb7 22. Rc2 Nb8 23. h5 h6 24. Rec1 Na6 25. g4 Bd7 26. g5 hxg5 27. Qxg5 Kh7 28. Nf3 Rac8 29. Qe7 Bc6 30. Qxa3 b4 31. Qb2 Bd7 32. Qd4 Rxc2 33. Rxc2 Rc8 34. Ng5+ Kg8 35. Qf4 Be8 36. Rxc8 Qxc8 37. d4 Qc2 38. Bf1 Nc7 39. Qg3 Kh8 40. Qf4 Kg8 41. Kg2 Qxa2 42. Bd3 Qxb3 43. Bh7+ Kf8 44. Bg6 Ke7 45. Bxf7 Qc3 46. Bxe8 Kxe8 47. Qf7+ Kd8 48. Qxg7 b3 49. h6 Qxd4 50. h7 Qg4+ 51. Kh2 Qf4+ 52. Kh3 Qf5+ 53. Kh4 Qxf2+ 54. Kh5 Qh2+ 55. Kg6 Qc2+ 56. Kf7 Ne8 57. Nxe6+ Kc8 58. h8Q b2 59. Qxe8+ Kb7 60. Kf6+ 1-0

[Event "Prague Summer op 9th"]
[Site "Prague"]
[Date "2022.08.06"]
[Round "2"]
[White "Cernousek, Lukas"]
[Black "Sandvik, Thomas"]
[Result "1-0"]
[WhiteElo "2429"]
[BlackElo "2110"]
[PlyCount "81"]
[EventDate "2022.08.05"]
[EventType "swiss"]
[EventRounds "9"]
[EventCountry "CZE"]
[SourceTitle "CBM 209 Extra"]
[Source "ChessBase"]
[SourceDate "2022.09.30"]
[SourceVersion "1"]
[SourceVersionDate "2022.09.30"]
[SourceQuality "1"]

1. Nf3 Nf6 2. d4 d5 3. c4 e6 4. g3 dxc4 5. Bg2 c6 6. Ne5 Bb4+ 7. Bd2 Be7 8. e3 0-0 9. Nxc4 Nbd7 10. 0-0 c5 11. dxc5 Nxc5 12. Ba5 Qxd1 13. Rxd1 Na6 14. Nc3 Rb8 15. Nb5 Bc5 16. Ne5 Nd5 17. Rac1 f6 18. Nd3 Bb6 19. Bxb6 Nxb6 20. Nc5 Nxc5 21. Rxc5 Na4 22. Rc7 a6 23. Nc3 Nxc3 24. Rxc3 e5 25. Rc7 Bg4 26. Rd6 Rbd8 27. Bd5+ Kh8 28. Rxd8 Rxd8 29. Rxb7 h6 30. e4 Rc8 31. Kg2 Rc5 32. Rb6 Bc8 33. Kf3 Kh7 34. Ke3 Kg6 35. Kd2 Kg5 36. f3 h5 37. h4+ Kh6 38. b4 Rc7 39. Rc6 Rxc6 40. Bxc6 Be6 41. a4 1-0

[Event "Prague Autumn op 1st"]
[Site "Prague"]
[Date "2021.09.26"]
[Round "4"]
[White "Vavra, Jan1"]
[Black "Sandvik, Thomas"]
[Result "1-0"]
[WhiteElo "1975"]
[BlackElo "2128"]
[PlyCount "149"]
[EventDate "2021.09.24"]
[EventType "swiss"]
[EventRounds "5"]
[EventCountry "CZE"]
[SourceTitle "CBM 204 Extra"]
[Source "ChessBase"]
[SourceDate "2021.11.30"]
[SourceVersion "1"]
[SourceVersionDate "2021.11.30"]
[SourceQuality "1"]

1. Nf3 Nf6 2. d4 c5 3. c3 g6 4. Bf4 cxd4 5. cxd4 Bg7 6. Nc3 d5 7. Bxb8 Rxb8 8. Qa4+ Bd7 9. Qxa7 0-0 10. e3 Qc7 11. Qa3 b5 12. Qb3 b4 13. Nd1 Qd6 14. Ne5 Rfc8 15. Nxd7 Nxd7 16. f4 Nb6 17. Be2 Nc4 18. Rc1 Nb6 19. Rxc8+ Rxc8 20. 0-0 Nc4 21. Qd3 Ra8 22. b3 Nb6 23. Qd2 e6 24. Nf2 Bf8 25. Rc1 Rc8 26. Rxc8 Nxc8 27. Nd3 Nb6 28. Nc5 Nd7 29. Qxb4 Nxc5 30. Qxc5 Qxc5 31. dxc5 Bxc5 32. Kf2 Kf8 33. Kf3 Ke7 34. e4 dxe4+ 35. Kxe4 Kd6 36. Bc4 Bb4 37. a4 Bd2 38. g3 Bb4 39. Kd4 Bc5+ 40. Ke4 Bg1 41. h3 Bf2 42. Kf3 Be1 43. g4 Bc3 44. f5 Ke5 45. fxg6 fxg6 46. Ke3 Bb4 47. Kd3 g5 48. Ba6 Kd5 49. Bb7+ Kc5 50. Ke4 Bc3 51. Bc8 e5 52. Kf5 h6 53. Bb7 Kd4 54. Kg6 Bd2 55. Kxh6 e4 56. a5 Kc5 57. Bxe4 Kb5 58. b4 Be3 59. Kh5 Bd2 60. Bb7 Kxb4 61. a6 Be3 62. a7 Bxa7 63. Kxg5 Kc5 64. Kf6 Kd6 65. g5 Bd4+ 66. Kf7 Ke5 67. g6 Kf5 68. g7 Bxg7 69. Kxg7 Kg5 70. Bf3 Kh4 71. Bg4 Kg5 72. Be6 Kh4 73. Bf5 Kg5 74. Bg4 Kh4 75. Kg6 1-0

[Event "Prague Autumn op 1st"]
[Site "Prague"]
[Date "2021.09.24"]
[Round "1"]
[White "Hornak, Pavol"]
[Black "Sandvik, Thomas"]
[Result "0-1"]
[WhiteElo "1751"]
[BlackElo "2128"]
[PlyCount "32"]
[EventDate "2021.09.24"]
[EventType "swiss"]
[EventRounds "5"]
[EventCountry "CZE"]
[SourceTitle "CBM 204 Extra"]
[Source "ChessBase"]
[SourceDate "2021.11.30"]
[SourceVersion "1"]
[SourceVersionDate "2021.11.30"]
[SourceQuality "1"]

1. d4 Nf6 2. c4 c5 3. d5 b5 4. e3 e6 5. dxe6 fxe6 6. cxb5 d5 7. Be2 e5 8. b3 Bd6 9. Bb2 0-0 10. Nd2 e4 11. h4 d4 12. exd4 e3 13. Bc4+ Kh8 14. fxe3 Ng4 15. Ngf3 Nxe3 16. Qe2 Bg3+ 0-1

[Event "FIN-chT 1516"]
[Site "Finland"]
[Date "2016.03.13"]
[Round "11.5"]
[White "Nevanlinna, Risto"]
[Black "Sandvik, Thomas"]
[Result "1-0"]
[WhiteElo "2214"]
[BlackElo "2048"]
[PlyCount "75"]
[EventDate "2015.09.12"]
[EventType "team-tourn"]
[EventRounds "11"]
[EventCountry "FIN"]
[SourceTitle "EXT 2017"]
[Source "ChessBase"]
[SourceDate "2016.10.25"]
[SourceVersion "1"]
[SourceVersionDate "2016.10.25"]
[SourceQuality "1"]
[WhiteTeam "Jyvaskyla JyS"]
[BlackTeam "Helsinki Garde"]
[WhiteTeamCountry "FIN"]
[BlackTeamCountry "FIN"]

1. e4 e6 2. d4 d5 3. Nc3 Nf6 4. Bg5 Be7 5. e5 Nfd7 6. Bxe7 Qxe7 7. f4 a6 8. Nf3 c5 9. a3 Nc6 10. Bd3 b5 11. 0-0 cxd4 12. Ne2 f6 13. Nexd4 Nxd4 14. Nxd4 0-0 15. exf6 Nxf6 16. Qe2 Bd7 17. Kh1 Rae8 18. Nf3 Bc6 19. Ne5 Qc7 20. Qe3 g6 21. a4 bxa4 22. Bxa6 Rb8 23. Qc5 Rb6 24. Rxa4 Ne4 25. Rxe4 dxe4 26. Nd7 Qxd7 27. Qxb6 e3 28. Bc4 Bd5 29. Bxd5 exd5 30. Qxe3 Qb5 31. Qe6+ Kg7 32. Qe5+ Kg8 33. Rd1 Re8 34. Qc3 Qe2 35. Qd4 Qxc2 36. Qxd5+ Kf8 37. Qd4 Re2 38. Qf6+ 1-0

[Event "FIN-chT 1516"]
[Site "Finland"]
[Date "2016.03.12"]
[Round "10.8"]
[White "Sandvik, Thomas"]
[Black "Pankratovs, Vladimirs"]
[Result "1/2-1/2"]
[WhiteElo "2048"]
[BlackElo "2041"]
[PlyCount "84"]
[EventDate "2015.09.12"]
[EventType "team-tourn"]
[EventRounds "11"]
[EventCountry "FIN"]
[SourceTitle "EXT 2017"]
[Source "ChessBase"]
[SourceDate "2016.10.25"]
[SourceVersion "1"]
[SourceVersionDate "2016.10.25"]
[SourceQuality "1"]
[WhiteTeam "Helsinki Garde"]
[BlackTeam "Oulu OSS"]
[WhiteTeamCountry "FIN"]
[BlackTeamCountry "FIN"]

1. e4 e6 2. d4 d5 3. Nc3 Bb4 4. e5 c5 5. a3 Bxc3+ 6. bxc3 Qa5 7. Bd2 Qa4 8. Qg4 g6 9. Kd1 Nc6 10. Nf3 Bd7 11. Qf4 h6 12. dxc5 Qxf4 13. Bxf4 0-0-0 14. Bb5 Na5 15. Nd4 a6 16. Bd3 Ne7 17. Rb1 Nc4 18. Rb3 Ba4 19. Rb4 Nc6 20. Nxc6 Bxc6 21. Rb3 Ba4 22. Rb4 Bc6 23. Rb3 Ba4 24. Rb4 g5 25. Bg3 a5 26. Rb1 Bc6 27. Bxc4 dxc4+ 28. Ke2 Bxg2 29. Rhd1 Be4 30. Rb5 a4 31. Rd2 Rxd2+ 32. Kxd2 Rd8+ 33. Kc1 Rd5 34. Rb4 Rxc5 35. Rxa4 h5 36. f4 gxf4 37. Bxf4 b5 38. Ra5 Kb7 39. a4 Kb6 40. Rxb5+ Rxb5 41. axb5 Kxb5 42. Kd2 Kc5 1/2-1/2

[Event "Helsinki Harri Hurmeen 70 A"]
[Site "Helsinki"]
[Date "2015.06.07"]
[Round "5"]
[White "Gronroos, Matti"]
[Black "Sandvik, Thomas"]
[Result "0-1"]
[WhiteElo "1948"]
[BlackElo "2054"]
[PlyCount "62"]
[EventDate "2015.06.07"]
[EventType "swiss"]
[EventRounds "5"]
[EventCountry "FIN"]
[SourceTitle "EXT 2022"]
[Source "ChessBase"]
[SourceDate "2021.10.06"]
[SourceVersion "1"]
[SourceVersionDate "2021.10.06"]
[SourceQuality "1"]

1. e4 e6 2. d4 d5 3. Nc3 Nf6 4. Bg5 Be7 5. e5 Nfd7 6. Bxe7 Qxe7 7. f4 a6 8. Nf3 c5 9. dxc5 Qxc5 10. Qd2 Nc6 11. 0-0-0 b5 12. Bd3 Nb4 13. Kb1 Nb6 14. Ne4 dxe4 15. Bxb5+ Ke7 16. f5 Qxc2+ 17. Qxc2 Nxc2 18. Bc6 Rb8 19. Kxc2 exf3 20. f6+ gxf6 21. exf6+ Kxf6 22. Rhf1 Bb7 23. Bxf3 Bxf3 24. Rxf3+ Ke7 25. Rdf1 f5 26. Kb1 Nc4 27. R1f2 Rhd8 28. Rc3 Nd2+ 29. Kc1 Ne4 30. Rc7+ Rd7 31. Rfc2 Rbd8 0-1

[Event "Helsinki Harri Hurmeen 70 A"]
[Site "Helsinki"]
[Date "2015.06.05"]
[Round "1"]
[White "Laukkanen, Jere"]
[Black "Sandvik, Thomas"]
[Result "0-1"]
[WhiteElo "1926"]
[BlackElo "2054"]
[PlyCount "62"]
[EventDate "2015.06.07"]
[EventType "swiss"]
[EventRounds "5"]
[EventCountry "FIN"]
[SourceTitle "EXT 2022"]
[Source "ChessBase"]
[SourceDate "2021.10.06"]
[SourceVersion "1"]
[SourceVersionDate "2021.10.06"]
[SourceQuality "1"]

1. e4 e6 2. d4 d5 3. Nc3 Nf6 4. Bg5 Be7 5. e5 Nfd7 6. Bxe7 Qxe7 7. f4 a6 8. Nf3 c5 9. dxc5 Qxc5 10. Qd2 Nc6 11. 0-0-0 b5 12. Bd3 Nb4 13. Kb1 Nb6 14. Ne2 Bd7 15. Ned4 a5 16. g4 a4 17. f5 Nc4 18. Bxc4 Qxc4 19. b3 axb3 20. cxb3 Qc5 21. Rc1 Qa7 22. Rc2 Nxc2 23. Qxc2 Qa6 24. h3 g6 25. f6 h5 26. g5 0-0 27. Ne2 Rfc8 28. Qd2 b4 29. Nfd4 Bb5 30. Rh2 Bd3+ 31. Ka1 Rc2 0-1

[Event "Groningen op 52nd"]
[Site "Groningen"]
[Date "2014.12.28"]
[Round "7"]
[White "Sandvik, Thomas"]
[Black "Dirksen, Marieke"]
[Result "1/2-1/2"]
[WhiteElo "2060"]
[BlackElo "2002"]
[PlyCount "38"]
[EventDate "2014.12.21"]
[EventType "swiss"]
[EventRounds "9"]
[EventCountry "NED"]
[SourceTitle "CBM 164 Extra"]
[Source "ChessBase"]
[SourceDate "2015.03.02"]
[SourceVersion "1"]
[SourceVersionDate "2015.03.02"]
[SourceQuality "1"]

1. e4 c5 2. Nf3 d6 3. d4 cxd4 4. Nxd4 Nf6 5. Nc3 a6 6. Bg5 Nbd7 7. f4 Qb6 8. Nb3 h6 9. Bxf6 Nxf6 10. Qd2 Qc7 11. Nd5 Nxd5 12. exd5 g6 13. Bd3 Bg7 14. c3 b6 15. 0-0 Bb7 16. Be4 0-0 17. Rae1 Rfe8 18. Rf3 f5 19. Bb1 e5 1/2-1/2

[Event "Groningen op 52nd"]
[Site "Groningen"]
[Date "2014.12.27"]
[Round "6"]
[White "Bar, Aviv"]
[Black "Sandvik, Thomas"]
[Result "1-0"]
[WhiteElo "2142"]
[BlackElo "2060"]
[PlyCount "63"]
[EventDate "2014.12.21"]
[EventType "swiss"]
[EventRounds "9"]
[EventCountry "NED"]
[SourceTitle "CBM 164 Extra"]
[Source "ChessBase"]
[SourceDate "2015.03.02"]
[SourceVersion "1"]
[SourceVersionDate "2015.03.02"]
[SourceQuality "1"]

1. c4 Nf6 2. Nc3 c5 3. Nf3 d5 4. cxd5 Nxd5 5. d4 Nxc3 6. bxc3 g6 7. Qa4+ Bd7 8. Qb3 Bg7 9. e3 b6 10. Be2 0-0 11. d5 e6 12. e4 exd5 13. exd5 b5 14. Be3 b4 15. Rc1 Bxc3+ 16. Rxc3 bxc3 17. Qxc3 Re8 18. 0-0 Bf5 19. Bb5 Rxe3 20. Qxe3 Qxd5 21. Ne5 Qd4 22. Qe2 Be4 23. Nf3 Qd5 24. Rd1 Qb7 25. Ng5 Bc6 26. Rd8+ Kg7 27. Qe5+ Kh6 28. Ne6 fxe6 29. Qf4+ g5 30. Qf6+ Kh5 31. Be2+ g4 32. Bxg4+ 1-0

[Event "EST-ch U26"]
[Site "Tartu"]
[Date "2014.05.17"]
[Round "9"]
[White "Sandvik, Thomas"]
[Black "Vedrickas, Tautvydas"]
[Result "0-1"]
[WhiteElo "2059"]
[BlackElo "2365"]
[PlyCount "60"]
[EventDate "2014.05.16"]
[EventType "swiss"]
[EventRounds "9"]
[EventCountry "EST"]
[SourceTitle "CBM 160 Extra"]
[Source "ChessBase"]
[SourceDate "2014.07.01"]
[SourceVersion "1"]
[SourceVersionDate "2014.07.01"]
[SourceQuality "1"]

1. e4 g6 2. d4 Bg7 3. Nc3 d6 4. f4 Nd7 5. Nf3 a6 6. Bd3 b5 7. 0-0 c5 8. dxc5 Nxc5 9. Rb1 Bb7 10. Qe2 Nf6 11. e5 Nd5 12. Bd2 0-0 13. exd6 exd6 14. Nxd5 Bxd5 15. b3 Re8 16. Qf2 Ne4 17. Bxe4 Bxe4 18. Bb4 Rc8 19. Ne1 a5 20. Ba3 Bc3 21. Nd3 Qf6 22. Kh1 b4 23. Bc1 Qf5 24. Rd1 Qg4 25. Be3 Bxg2+ 26. Qxg2 Qxg2+ 27. Kxg2 Rxe3 28. Rf1 Re2+ 29. Rf2 Rce8 30. Rbf1 Bd4 0-1

[Event "EST-ch U26"]
[Site "Tartu"]
[Date "2014.05.16"]
[Round "3"]
[White "Batkovskyte, Dominyka"]
[Black "Sandvik, Thomas"]
[Result "1-0"]
[WhiteElo "2142"]
[BlackElo "2059"]
[PlyCount "67"]
[EventDate "2014.05.16"]
[EventType "swiss"]
[EventRounds "9"]
[EventCountry "EST"]
[SourceTitle "CBM 160 Extra"]
[Source "ChessBase"]
[SourceDate "2014.07.01"]
[SourceVersion "1"]
[SourceVersionDate "2014.07.01"]
[SourceQuality "1"]

1. d4 Nf6 2. c4 e5 3. dxe5 Ne4 4. Nf3 Bb4+ 5. Nbd2 Nc6 6. e3 Qe7 7. a3 Bxd2+ 8. Nxd2 Nxd2 9. Bxd2 Nxe5 10. Bc3 d6 11. Be2 Be6 12. b3 0-0 13. 0-0 Rad8 14. Qd4 c5 15. Qf4 Ng6 16. Qg3 d5 17. Rfd1 dxc4 18. bxc4 f6 19. Rab1 b6 20. a4 Qf7 21. h4 Bxc4 22. Bf3 Ne7 23. Rxd8 Rxd8 24. Qc7 Rd3 25. Be1 Ng6 26. Qb8+ Nf8 27. a5 b5 28. Be2 Rd7 29. Bxc4 bxc4 30. a6 Qe6 31. Qc8 Rd5 32. Qa8 Kf7 33. Qxa7+ Nd7 34. Qb7 1-0

[Event "FIN-chT 1314"]
[Site "Finland"]
[Date "2014.03.09"]
[Round "11.6"]
[White "Sandvik, Thomas"]
[Black "Lehtimaki, Tero"]
[Result "1-0"]
[WhiteElo "2092"]
[BlackElo "2123"]
[PlyCount "33"]
[EventDate "2013.09.21"]
[EventType "team-tourn"]
[EventRounds "11"]
[EventCountry "FIN"]
[SourceTitle "EXT 2015"]
[Source "ChessBase"]
[SourceDate "2014.11.20"]
[SourceVersion "1"]
[SourceVersionDate "2014.11.20"]
[SourceQuality "1"]
[WhiteTeam "Helsinki Garde"]
[BlackTeam "Turku TuTS"]
[WhiteTeamCountry "FIN"]
[BlackTeamCountry "FIN"]

1. e4 c5 2. Nf3 g6 3. d4 cxd4 4. Qxd4 Nf6 5. e5 Nc6 6. Qa4 Nd5 7. Qe4 Ndb4 8. Bb5 a6 9. Ba4 b5 10. Bb3 d5 11. exd6 Bf5 12. Qe2 Qxd6 13. 0-0 Rd8 14. Nc3 Bg7 15. Rd1 Qb8 16. a3 Bxc3 17. bxc3 1-0

[Event "FIN-chT 1314"]
[Site "Finland"]
[Date "2013.10.12"]
[Round "3.6"]
[White "Sandvik, Thomas"]
[Black "Lehtivaara, Petri"]
[Result "0-1"]
[WhiteElo "2092"]
[BlackElo "2303"]
[PlyCount "92"]
[EventDate "2013.09.21"]
[EventType "team-tourn"]
[EventRounds "11"]
[EventCountry "FIN"]
[SourceTitle "EXT 2014"]
[Source "ChessBase"]
[SourceDate "2013.11.20"]
[SourceVersion "1"]
[SourceVersionDate "2013.11.20"]
[SourceQuality "1"]
[WhiteTeam "Helsinki Garde"]
[BlackTeam "Espoo MatSK"]
[WhiteTeamCountry "FIN"]
[BlackTeamCountry "FIN"]

1. e4 e5 2. d4 exd4 3. Nf3 Nc6 4. Bc4 Be7 5. c3 Nf6 6. e5 Ne4 7. Bd5 Nc5 8. cxd4 Na6 9. 0-0 0-0 10. Nc3 d6 11. h3 dxe5 12. dxe5 Qe8 13. a3 Nd8 14. b4 c5 15. b5 Nc7 16. a4 Bf5 17. Qe2 Nxd5 18. Nxd5 Ne6 19. Be3 Rd8 20. Rfd1 Be4 21. Nxe7+ Qxe7 22. Nd2 Bc2 23. Rdc1 Bd3 24. Qg4 Nd4 25. Bxd4 Rxd4 26. Qg3 b6 27. Nf3 Rd5 28. Re1 h6 29. Qf4 Qe6 30. Qe3 Re8 31. Ra3 Qd7 32. Rc3 Bf5 33. Rcc1 Rd3 34. Qf4 Be6 35. Qe4 Qd5 36. Qe2 Rd8 37. Qe4 Qxe4 38. Rxe4 Ra3 39. Kf1 Rdd3 40. Ke2 Rdb3 41. Ke1 Rb2 42. Ng1 Bd5 43. Re2 Rxe2+ 44. Nxe2 Bxg2 45. Nc3 Bxh3 46. Kd2 Rb3 0-1

[Event "FIN-chT 1314"]
[Site "Finland"]
[Date "2013.09.21"]
[Round "1.5"]
[White "Sandvik, Thomas"]
[Black "Paakkonen, Timo"]
[Result "0-1"]
[WhiteElo "2092"]
[BlackElo "2285"]
[PlyCount "80"]
[EventDate "2013.09.21"]
[EventType "team-tourn"]
[EventRounds "11"]
[EventCountry "FIN"]
[SourceTitle "CBM 156 Extra"]
[Source "ChessBase"]
[SourceDate "2013.10.22"]
[SourceVersion "1"]
[SourceVersionDate "2013.10.22"]
[SourceQuality "1"]
[WhiteTeam "Helsinki Garde"]
[BlackTeam "Porvoo Velhot"]
[WhiteTeamCountry "FIN"]
[BlackTeamCountry "FIN"]

1. e4 c5 2. Nf3 d6 3. d4 cxd4 4. Nxd4 Nf6 5. Nc3 Nc6 6. Bg5 e6 7. Qd2 a6 8. 0-0-0 Bd7 9. Kb1 b5 10. Nxc6 Bxc6 11. f3 h6 12. Bh4 b4 13. Bxf6 gxf6 14. Ne2 d5 15. exd5 Qxd5 16. Qxd5 Bxd5 17. Nf4 Bc6 18. Bc4 a5 19. Rhe1 Rd8 20. Nd5 Bxd5 21. Rxd5 Rxd5 22. Bxd5 Bd6 23. g3 h5 24. Re2 f5 25. f4 Kd7 26. Bf3 h4 27. Bg2 hxg3 28. hxg3 Rg8 29. Re3 Bxf4 30. gxf4 Rxg2 31. Kc1 Rf2 32. Re5 Rxf4 33. Rxa5 Re4 34. Kd2 f4 35. Rh5 Kd6 36. Rh3 Ke5 37. Rf3 Kf5 38. Kd3 e5 39. c3 bxc3 40. bxc3 Ra4 0-1

[Event "Jyvaskyla We JyS A"]
[Site "Jyvaskyla"]
[Date "2013.01.27"]
[Round "4"]
[White "Elomaa, Arto"]
[Black "Sandvik, Thomas"]
[Result "1/2-1/2"]
[WhiteElo "2056"]
[BlackElo "2063"]
[PlyCount "136"]
[EventDate "2013.01.25"]
[EventType "swiss"]
[EventRounds "5"]
[EventCountry "FIN"]
[SourceTitle "EXT 2022"]
[Source "ChessBase"]
[SourceDate "2021.10.06"]
[SourceVersion "1"]
[SourceVersionDate "2021.10.06"]
[SourceQuality "1"]

1. Nf3 Nf6 2. g3 d5 3. Bg2 c6 4. d3 Bf5 5. Nbd2 h6 6. c4 e6 7. Qc2 Bd6 8. e4 dxe4 9. dxe4 Bh7 10. 0-0 Nbd7 11. Re1 e5 12. Nh4 0-0 13. Nf1 a5 14. Ne3 Nc5 15. Nhf5 Qc7 16. Bd2 Rfe8 17. Bc3 Bf8 18. h3 Rad8 19. a3 a4 20. Rad1 Bxf5 21. exf5 Rxd1 22. Rxd1 Nfd7 23. Qe2 Nf6 24. g4 Nh7 25. Nf1 f6 26. Ng3 Ng5 27. h4 Nf7 28. Ne4 Nxe4 29. Qxe4 Bc5 30. Qc2 Qb6 31. Rd2 Qa6 32. Bf1 Qa7 33. Kg2 Rd8 34. Rxd8+ Nxd8 35. Qd2 Nf7 36. Qd7 Bxf2 37. g5 hxg5 38. Qe8+ Kh7 39. Qxf7 Qe3 40. Qg6+ Kg8 41. Qe8+ Kh7 42. Qh5+ Kg8 43. Qg4 Bxh4 44. Qf3 Qc5 45. Qe2 e4 46. Be1 Qxf5 47. Bxh4 gxh4 48. Kg1 Qe5 49. Qe3 f5 50. c5 f4 51. Qh3 Qxc5+ 52. Kh1 Qc1 53. Qe6+ Kh8 54. Qe8+ Kh7 55. Qxe4+ Kh6 56. Kg1 Qc5+ 57. Kg2 Qg5+ 58. Kh1 Qg3 59. Bd3 Qh3+ 60. Kg1 Qg3+ 61. Kf1 Qh3+ 62. Ke1 Qg3+ 63. Kd1 Qg4+ 64. Kc2 g6 65. Qe5 h3 66. Qh8+ Kg5 67. Qd8+ Kh6 68. Qh8+ Kg5 1/2-1/2

[Event "Jyvaskyla We JyS A"]
[Site "Jyvaskyla"]
[Date "2013.01.26"]
[Round "2"]
[White "Sandvik, Thomas"]
[Black "Valli, Frans"]
[Result "0-1"]
[WhiteElo "2063"]
[BlackElo "2240"]
[PlyCount "134"]
[EventDate "2013.01.25"]
[EventType "swiss"]
[EventRounds "5"]
[EventCountry "FIN"]
[SourceTitle "EXT 2022"]
[Source "ChessBase"]
[SourceDate "2021.10.06"]
[SourceVersion "1"]
[SourceVersionDate "2021.10.06"]
[SourceQuality "1"]

1. e4 d5 2. exd5 Qxd5 3. Nc3 Qd6 4. d4 Nf6 5. Nf3 c6 6. Ne5 Nbd7 7. Nc4 Qc7 8. Qf3 Nb6 9. Bf4 Qd7 10. Nxb6 axb6 11. 0-0-0 e6 12. Be5 Nd5 13. Bc4 f6 14. Bg3 b5 15. Nxd5 exd5 16. Bd3 Qg4 17. Rhe1+ Kf7 18. Qxg4 Bxg4 19. f3 Bd7 20. a3 g6 21. c3 Bh6+ 22. Kc2 Be6 23. Re2 Rhe8 24. Rde1 Rad8 25. h4 Bd7 26. Bc7 Rxe2+ 27. Rxe2 Rc8 28. Bd6 Be6 29. g4 Rd8 30. Bg3 Re8 31. Be1 Bf4 32. Bd2 Bd6 33. Rg2 Bd7 34. Kd1 Rg8 35. Ke2 Ra8 36. Be3 Re8 37. Kd2 Kg7 38. Re2 Bg3 39. Bf2 Bf4+ 40. Be3 Bd6 41. Rg2 Rh8 42. Kc2 Kf7 43. Bh6 Re8 44. Bd2 b6 45. Kd1 Rh8 46. Bh6 Rg8 47. Be3 Ra8 48. Bf2 c5 49. Bg3 Bf8 50. Bc7 cxd4 51. cxd4 b4 52. axb4 Ra1+ 53. Kc2 Bxb4 54. Re2 Ba4+ 55. b3 Ra2+ 56. Kb1 Rxe2 57. Bxe2 Bxb3 58. Bxb6 h5 59. Kb2 Bc4 60. Bxc4 dxc4 61. Bc5 Be1 62. d5 Bxh4 63. Kc3 Bg3 64. Kd2 h4 65. Ke2 h3 66. Kf1 c3 67. Ba3 Bf4 0-1